000 00319nam a2200133Ia 4500
005 20260328101510.0
008 260328s9999||||xx |||||||||||||| ||und||
100 _aJardot, Maurice
245 0 _aLe Corbusier dessins /
_cMaurice Jardot
260 _bDeux Mondes
300 _a80 p.
650 _aARQUITECTOS
942 _cBK
999 _c9165
_d9165